[Event "Ruhrgebiet Verbandsklasse Gruppe 1 1617"]
[Site "Germany"]
[Date "2017.01.29"]
[Round "6.2"]
[White "Grube, Frank"]
[Black "Kaffanke, Benedikt"]
[Result "1-0"]
[WhiteElo "1811"]
[BlackElo "1901"]
[PlyCount "133"]
[EventDate "2016.09.04"]
[EventType "team-tourn"]
[EventRounds "9"]
[EventCountry "GER"]
[SourceTitle "EXT 2022"]
[Source "ChessBase"]
[SourceDate "2021.10.06"]
[SourceVersion "1"]
[SourceVersionDate "2021.10.06"]
[SourceQuality "1"]
[WhiteTeam "Unna SV"]
[BlackTeam "Huckarde Westerfilde"]
[WhiteTeamCountry "GER"]
[BlackTeamCountry "GER"]

1. d4 Nf6 2. c4 e6 3. g3 d5 4. Bg2 b6 5. Nf3 Bb7 6. 0-0 Be7 7. Nc3 0-0 8. cxd5 exd5 9. Qc2 Nbd7 10. Rd1 Rc8 11. Nb5 a6 12. Na7 Ra8 13. Nc6 Bxc6 14. Qxc6 Ra7 15. Ne5 Nb8 16. Qa4 Qe8 17. Qxe8 Rxe8 18. Bf4 Bd6 19. e3 h6 20. Nd3 Bxf4 21. Nxf4 c6 22. Rac1 Kf8 23. Nd3 Ke7 24. Rc2 Kd6 25. Rdc1 Ree7 26. b4 b5 27. Ne5 Rec7 28. f3 a5 29. a3 axb4 30. axb4 Ra4 31. Nd3 Na6 32. e4 dxe4 33. fxe4 Ng4 34. e5+ Ke7 35. d5 Kd8 36. d6 Ra7 37. Rb2 Ne3 38. Rxc6 Ra1+ 39. Rc1 Nxb4 40. Rxb4 Rxc1+ 41. Nxc1 Ra1 42. Kf2 Nxg2 43. Nd3 Rd1 44. Ke2 Ra1 45. Rxb5 h5 46. Rb8+ Kd7 47. Nc5+ Kc6 48. d7 Ra2+ 49. Kd3 Ne1+ 50. Ke3 Ng2+ 51. Ke4 Re2+ 52. Kd3 Rxe5 53. d8Q Ne1+ 54. Kd2 Nf3+ 55. Kd1 Rd5+ 56. Qxd5+ Kxd5 57. Nd3 Nxh2 58. Ke2 Ng4 59. Nf4+ Ke5 60. Nxh5 g6 61. Nf4 Kf5 62. Rb7 Ne5 63. Rb5 f6 64. Nd3 Ke4 65. Nxe5 fxe5 66. Rb4+ Kf5 67. Ke3 1-0